Prvý pri kameni východniar Michal Suchý na XV. medzinárodnom sympóziu

Bibliographic Details
Main Author: Ličák, Peter (Author)
Format: Article
Language:Slovak
PhysicalDescription:Obr. 1.
Subjects:

MARC

LEADER 00000nab a2200000 a 4500
001 vtls000036416
003 SK-MaSNL
005 20260303204555.0
008 111103c1979 xo 0 slo
015 |a SNBRB19rr/mm-uuuuu 
035 |a CL0046511 
040 |a SNKBUCL  |b slo  |c SNKBUCL  |e AACR2 
041 0 |a slo 
044 |a xo  |c SK 
080 |a 730  |2 1981 
080 |a 92 Suchý, Michal  |2 1981 
100 1 |a Ličák, Peter  |4 aut  |9 728430 
245 1 0 |a Prvý pri kameni  |b východniar Michal Suchý na XV. medzinárodnom sympóziu  |c Peter Ličák 
300 |b Obr. 1. 
600 1 7 |a Suchý, Michal,  |d 1942-1982  |2 snkbucl  |9 235367 
655 7 |a články z novín a časopisov  |2 snkbucl  |9 267496 
773 0 |t Východoslovenské noviny  |g Roč. 28, č. 169 (20. 7. 1979), s. 4 
850 |a Slovenská národná knižnica v Martine  |a MTA001 
852 |a SNK  |b KIS3GCP 
958 |a RK 
992 |a RBX 
999 |c 2190639  |d 2192569